00927nam a22002537a 45000010005000000030006000050050017000110080041000280200018000690400029000870500014001160820012001301000022001422450111001642500054002752600037003293000044003665050008004105200154004185210020005725210020005926500027006127000034006395076FISKH20241105092353.0241105b cb ||||| |||| 00| 0 eng d a9780439129725 aFISKHbengcFISKHdFISKH aE185.W474 a170.835 aWilliams, Terrie  aStay Strong :bSimple Life Lessons for Teens /cby Terrie Williams : With an introduction by Queen Latifah aFirst Scholastic paperback printing, October 2001 aNew York : bScholatic ;c2001.  a219 pages : billustrations ;c24 cm .  aZ  aTerrie Williams recounts the experiences she has had during her career as head of her own public relations firm and profiles the artists she has met.8 a890 bLexile 8 aZ bRaz-Plus  aself-helpvnon-fiction aLatifah, Queen eillustrator